[Event "2nd Goa GM Open 2019"]
[Site "Goa"]
[Date "2019.06.19"]
[Round "2.15"]
[White "Tukhaev, Adam"]
[Black "Saravana, Krishnan P."]
[Result "1/2-1/2"]
[WhiteElo "2527"]
[BlackElo "2290"]
[Annotator "ChessBase"]
[PlyCount "84"]
[EventDate "2019.06.17"]
[EventType "swiss"]
[EventCountry "IND"]
[SourceTitle "playchess.com"]
[Source "ChessBase"]
[SourceQuality "1"]
[TimeControl "5400+30"]

1. e4 {[%emt 0:00:00]} e6 {[%emt 0:00:00]} 2. d4 {[%emt 0:00:00]} d5 {[%emt 0:00:00]} 3. Nd2 {[%emt 0:00:57]} h6 {[%emt 0:00:09]} 4. Ngf3 {[%emt 0:00:59]} Nf6 {[%emt 0:00:12]} 5. e5 {[%emt 0:01:09]} Nfd7 {[%emt 0:00:05]} 6. Bd3 {[%emt 0:01:05]} c5 {[%emt 0:00:13]} 7. c4 {[%emt 0:02:05]} Nb6 {[%emt 0:12:53]} 8. O-O {[%emt 0:17:52]} Nc6 {[%emt 0:01:31]} 9. cxd5 {[%emt 0:11:41]} Nxd5 {[%emt 0:01:30]} 10. Ne4 {[%emt 0:12:46]} cxd4 {[%emt 0:03:32]} 11. a3 {[%emt 0:01:27]} Qc7 {[%emt 0:04:35]} 12. Re1 {[%emt 0:09:22]} Bd7 {[%emt 0:06:10]} 13. Bd2 {[%emt 0:06:15]} Nxe5 {[%emt 0:09:21]} 14. Rc1 {[%emt 0:00:36]} Nxf3+ {[%emt 0:06:52]} 15. Qxf3 {[%emt 0:03:46]} Bc6 {[%emt 0:00:28]} 16. b4 {[%emt 0:01:49]} Qd7 {[%emt 0:07:01]} 17. Qg3 {[%emt 0:02:34]} a6 {[%emt 0:16:16]} 18. Nc5 {[%emt 0:10:30]} Bxc5 {[%emt 0:04:55]} 19. Rxc5 {[%emt 0:00:03]} Kf8 {[%emt 0:00:26]} 20. h4 {[%emt 0:00:13]} Rd8 {[%emt 0:01:24]} 21. h5 {[%emt 0:00:12]} Qd6 {[%emt 0:01:13]} 22. Qh4 {[%emt 0:00:38]} Qe7 {[%emt 0:02:11]} 23. Qg3 {[%emt 0:01:48]} Qd6 {[%emt 0:00:07]} 24. Qh4 {[%emt 0:01:44]} Qe7 {[%emt 0:00:06]} 25. Qg4 {[%emt 0:01:54]} Qd6 {[%emt 0:07:01]} 26. Rec1 {[%emt 0:05:56]} e5 {[%emt 0:03:46]} 27. Bxa6 {[%emt 0:03:34]} Nf6 {[%emt 0:01:16]} 28. Qe2 {[%emt 0:00:38]} Bxg2 {[%emt 0:01:48]} 29. Kxg2 {[%emt 0:00:19]} bxa6 {[%emt 0:02:35]} 30. Qxe5 {[%emt 0:00:36]} Qd7 {[%emt 0:00:41]} 31. Qf5 {[%emt 0:01:28]} Qxf5 {[%emt 0:02:35]} 32. Rxf5 {[%emt 0:00:03]} Kg8 {[%emt 0:00:21]} 33. Rc7 {[%emt 0:00:51]} Kh7 {[%emt 0:00:14]} 34. Rxf6 {[%emt 0:01:22]} gxf6 {[%emt 0:00:05]} 35. Rxf7+ {[%emt 0:00:02]} Kg8 {[%emt 0:00:07]} 36. Rxf6 {[%emt 0:00:01]} Kg7 {[%emt 0:03:00]} 37. Rxa6 {[%emt 0:00:11]} Rhe8 {[%emt 0:00:08]} 38. Rxh6 {[%emt 0:01:58]} Re2 {[%emt 0:00:17]} 39. Rg6+ {[%emt 0:00:02]} Kh7 {[%emt 0:00:21]} 40. Rh6+ {[%emt 0:00:02]} Kg7 {[%emt 0:00:05]} 41. Rg6+ {[%emt 0:00:02]} Kh7 {[%emt 0:00:07]} 42. Rh6+ {[%emt 0:00:02]} Kg7 {[%emt 0:00:12]} 1/2-1/2

[Event "2nd Goa GM Open 2019"]
[Site "Goa"]
[Date "2019.06.19"]
[Round "2.16"]
[White "Gajwa Ankit"]
[Black "Burmakin, Vladimir"]
[Result "1/2-1/2"]
[WhiteElo "2273"]
[BlackElo "2526"]
[Annotator "TA"]
[PlyCount "65"]
[EventDate "2019.06.17"]
[EventType "swiss"]
[EventCountry "IND"]
[SourceTitle "playchess.com"]
[Source "ChessBase"]
[SourceQuality "1"]

{[%evp 10,65,53,43,58,32,34,32,30,22,25,35,26,14,22,12,27,20,15,14,19,2,3,3,6,0,0,0,0,0,0,0,0,0,0,0,2,0,0,0,0,-6,0,0,0,0,0,-3,0,0,0,0,0,0,0,0,0,0]} 1. e4 d5 2. exd5 Qxd5 3. Nc3 Qd6 4. d4 Nf6 5. Nf3 c6 6. Ne5 Be6 {B01: Scandinavian Defence} (6... Nbd7 7. Nc4 Qc7 8. Qf3 Nb6 9. Bf4 Qd7 10. Nxb6 axb6 11. O-O-O Qd8 12. h3 e6 13. Bc4 Be7 14. g4 {½-½ (32) Grischuk,A (2750)-Rapport,R (2698) chess.com INT 2017}) 7. Nc4 (7. Be2 {looks sharper.} g6 8. Bf4 Qd8 9. a4 Bg7 10. O-O) 7... Bxc4 $146 ({Predecessor:} 7... Qd8 8. Be2 g6 9. Bg5 Bg7 10. O-O O-O 11. Re1 Na6 12. Ne3 Nc7 13. Bf3 Qd7 14. Qd2 {½-½ (44) Saravana,K (2359)-Burmakin,V (2528) Mumbai 2018}) 8. Bxc4 e6 {White is slightly better.} 9. O-O Be7 10. Re1 Nbd7 11. Ne4 Nxe4 12. Rxe4 Nf6 13. Re1 O-O {The position is equal.} 14. c3 c5 15. Be3 Qc7 16. Qe2 Rac8 {[#] ...cxd4 is the strong threat.} 17. dxc5 Bxc5 18. Bb3 Bxe3 19. Qxe3 a5 20. Rad1 Rfd8 21. h3 b6 22. Qf3 Kf8 23. Rxd8+ (23. g3 {is interesting.} Ke7 24. Ba4 Rxd1 25. Rxd1 Rd8 26. Rxd8 Qxd8 27. Qb7+) 23... Rxd8 24. Rd1 Rxd1+ 25. Qxd1 h5 26. Qf3 Ke7 27. g3 g6 28. Kg2 Nd7 29. Ba4 Ne5 30. Qa8 Nc4 31. Qe8+ Kf6 32. Qh8+ Ke7 33. Qe8+ {Accuracy: White = 77%, Black = 95%.} 1/2-1/2

[Event "2nd Goa GM Open 2019"]
[Site "Goa"]
[Date "2019.06.19"]
[Round "2.17"]
[White "Iniyan, P."]
[Black "Aakanksha Hagawane"]
[Result "1-0"]
[WhiteElo "2525"]
[BlackElo "2271"]
[Annotator "TA"]
[PlyCount "75"]
[EventDate "2019.06.17"]
[EventType "swiss"]
[EventCountry "IND"]
[SourceTitle "playchess.com"]
[Source "ChessBase"]
[SourceQuality "1"]

{[%evp 13,75,19,20,0,8,-9,0,6,13,17,27,41,32,43,33,35,36,33,48,50,60,55,79,66,102,0,85,83,89,82,187,195,238,174,162,170,240,241,245,245,317,316,318,314,319,308,318,316,347,357,370,360,377,385,361,379,435,439,428,423,446,453,516,513]} 1. e4 c5 2. Nf3 d6 3. d4 cxd4 4. Nxd4 Nf6 5. Nc3 a6 6. Be3 e5 7. Nb3 Be7 8. h3 {B90: Sicilian Najdorf: Unusual White 6th moves, 6 Be3 Ng4 and 6 Be3 e5} (8. f3 Be6 9. Qd2 O-O 10. O-O-O Nbd7 11. g4 b5 12. g5 Nh5 13. Nd5 Bxd5 14. exd5 f6 15. gxf6 Rxf6 16. Na5 Nf4 17. Nc6 Qf8 18. Kb1 Bd8 19. c4 Bb6 20. cxb5 axb5 21. Bxb5 {1-0 (47) Dominguez Perez,L (2750)-Paravyan,D (2610) Sochi 2019}) 8... Be6 9. Qd2 Nbd7 10. g4 {The position is equal.} h6 11. f4 Qc7 12. O-O-O b5 13. Nd5 $36 {[%mdl 2048] White has the initiative.} Bxd5 $1 14. exd5 Rc8 {[#]} 15. Bg2 $146 ({Predecessor:} 15. Rh2 exf4 16. Bxf4 Nb6 {1-0 (28) Kobalia,M (2647)-Anisimov,P (2515) Tomsk 2006}) 15... exf4 16. Bxf4 Ne5 17. Kb1 {[#] Strongly threatening Bxe5.} Nfd7 18. Nd4 Nc4 19. Qc1 (19. Qe1 $16) 19... Bf6 (19... O-O $1 $11) 20. Rhe1+ $16 Kf8 21. c3 Nde5 (21... Bxd4 $16 22. Rxd4 (22. cxd4 g5 $14) 22... Nce5) 22. b3 $18 Nb6 23. Nc6 {Threatens to win with Bxe5.} Nbd7 24. Qa3 {And now Nxe5 would win.} Kg8 (24... a5 $142 25. c4 g5) 25. Qxa6 Kh7 26. Qa7 Rhe8 27. Bf1 Qxa7 28. Nxa7 Rxc3 29. Nxb5 {[%mdl 64] [#] Double Attack} Rf3 30. Nxd6 Rb8 31. Be3 Bh4 32. Re2 Be7 33. Nf5 Nc4 34. Bd4 Bf8 35. Rf2 {White is clearly winning.} Rxf2 36. Bxf2 Nd6 37. Bg3 Nxf5 38. Bxb8 {Accuracy: White = 77%, Black = 34%.} 1-0

[Event "2nd Goa GM Open 2019"]
[Site "Goa"]
[Date "2019.06.19"]
[Round "2.18"]
[White "Bharat Kumar Reddy Poluri"]
[Black "Malakhatko, Vadim"]
[Result "1/2-1/2"]
[WhiteElo "2270"]
[BlackElo "2505"]
[Annotator "TA"]
[PlyCount "83"]
[EventDate "2019.06.17"]
[EventType "swiss"]
[EventCountry "IND"]
[SourceTitle "playchess.com"]
[Source "ChessBase"]
[SourceQuality "1"]

{[%evp 14,83,21,20,19,16,29,21,28,5,8,0,29,4,6,0,1,-6,0,-21,-18,-35,-20,-16,-19,-30,-30,-32,-23,-15,-18,-20,0,-8,0,0,13,0,24,18,31,0,0,0,0,0,45,0,0,0,0,0,0,-51,0,0,0,0,0,0,0,0,0,0,0,0,0,0,0,0,0,0]} 1. e4 e6 2. d4 d5 3. Nd2 c5 4. exd5 Qxd5 5. Ngf3 cxd4 6. Bc4 Qd8 7. O-O Nc6 8. Nb3 a6 {C07: French Tarrasch: 3...c5, 4 Ngf3 and 4 exd5 Qxd5} 9. Nbxd4 Nxd4 10. Nxd4 Qc7 11. Bd3 (11. Qe2 Bd6 12. h3 Ne7 13. Be3 O-O 14. Rad1 b5 15. Bb3 Ng6 16. c4 bxc4 17. Qxc4 Bh2+ 18. Kh1 Qxc4 19. Bxc4 Bf4 20. Bxf4 {½-½ (20) Adams,M (2706)-Howell,D (2687) Hull 2018}) 11... Bd6 12. h3 Ne7 13. Re1 e5 14. Nb3 Be6 15. Bd2 O-O 16. c4 $146 ({Predecessor:} 16. Qe2 Nc6 {0-1 (32) Zlatic,M (2375)-Kosic,D (2500) Ulcinj 1998}) 16... Nc6 17. Rc1 f5 18. c5 Be7 19. Qe2 Bxb3 20. axb3 e4 21. Bc4+ Kh8 22. b4 Bf6 23. Bc3 Bxc3 24. bxc3 Ne5 25. Red1 Rad8 26. Rd4 a5 27. Bb5 axb4 28. Rxd8 Rxd8 29. cxb4 Rd4 30. Qe1 (30. Rd1 {is interesting.} Rxd1+ 31. Qxd1 g6 32. Be2 Kg7 33. Qd4) 30... h6 31. Be2 Nd3 32. Bxd3 $1 exd3 $11 {[%mdl 4096] Endgame KQR-KQR} 33. Qe3 ({White should try} 33. Qc3 $11 d2 34. Rd1) 33... Qd8 ({Better is} 33... d2 $15 34. Rd1 Rxb4) 34. Rd1 $1 {The position is equal.} f4 35. Qd2 Qd5 36. Qc3 f3 37. b5 fxg2 {aiming for ...d2.} 38. c6 bxc6 39. bxc6 {[#] Strongly threatening c7.} Rc4 $1 40. Qxd3 Qxd3 41. Rxd3 Rxc6 42. Rd1 {Accuracy: White = 46%, Black = 49%.} 1/2-1/2

[Event "2nd Goa GM Open 2019"]
[Site "Goa"]
[Date "2019.06.19"]
[Round "2.19"]
[White "Wagh Suyog"]
[Black "Anurag, Mhamal"]
[Result "0-1"]
[WhiteElo "2250"]
[BlackElo "2497"]
[Annotator "TA"]
[PlyCount "57"]
[EventDate "2019.06.17"]
[EventType "swiss"]
[EventCountry "IND"]
[SourceTitle "playchess.com"]
[Source "ChessBase"]
[SourceQuality "1"]

{[%evp 22,57,50,57,71,66,69,41,64,50,64,67,97,-61,-73,-190,-183,-183,-179,-184,-148,-931,-931,-931,-931,-931,-931,-931,-931,-931,-931,-902,-893,-864,-852,-2649,-2672,-29989]} 1. d4 g6 2. Nf3 Bg7 3. c4 d6 4. g3 c5 5. d5 b5 6. cxb5 a6 7. bxa6 Nf6 8. Bg2 O-O 9. O-O Nbd7 10. Nc3 Bxa6 11. Qc2 Qb6 12. Rb1 e6 {A58: Benko/Volga Gambit: Lines with 5 bxa6} (12... Ng4 13. h3 Nge5 14. Nxe5 Bxe5 15. Bd2 Rfb8 16. Kh2 Bg7 17. b3 Qa7 18. f4 Bc8 19. a4 Ba6 20. Rfe1 {½-½ (79) Bacrot,E (2613)-Zhang,P (2525) Cap d'Agde 2000}) 13. dxe6 fxe6 14. Ng5 d5 {White is slightly better.} 15. h4 $146 ({Predecessor:} 15. Na4 Qc6 16. Nc3 Nb6 17. Bh3 e5 18. Be6+ Kh8 19. Nf7+ Rxf7 20. Bxf7 {0-1 (32) Duvette,M (2309)-Alozy,F (1997) ICCF email 2010}) 15... Rae8 16. b3 Qd6 {[#]} 17. Ba3 $2 ({White should try} 17. Rd1 $1 $16) 17... Ng4 $15 {Hoping for ...Rxf2!} 18. Nf3 (18. Qd2 $17) 18... Bxc3 $1 $19 {[%mdl 64] Overworked Piece} 19. Qxc3 {aiming for b4.} Bxe2 {White must now prevent ...Qa6.} 20. Ng5 d4 $36 {[%mdl 2048] Black has strong initiative.} 21. Qa5 $2 {[%mdl 8192] [#]} (21. Qd2 $17 Qa6 22. Bb7) 21... Rxf2 $1 {[%mdl 576] Remove Defender. Black is clearly winning.} 22. Rxf2 Qxg3 {[%csl Gg4][%cal Rg3h2][%mdl 64] Double Attack} 23. Rxe2 Rf8 {[%csl Gg4][%cal Rg3h2]} 24. Nf3 Rxf3 {[%csl Gg4][%cal Rg3h2]} 25. Qa8+ Rf8 26. Qxf8+ Nxf8 27. Bxc5 Nd7 28. Bb4 Nde5 29. Kf1 {Accuracy: White = 30%, Black = 63%.} 0-1

[Event "2nd Goa GM Open 2019"]
[Site "Goa"]
[Date "2019.06.19"]
[Round "2.20"]
[White "Venkatesh, M.R."]
[Black "Bhambure, Shantanu"]
[Result "0-1"]
[WhiteElo "2490"]
[BlackElo "2248"]
[Annotator "ChessBase"]
[PlyCount "98"]
[EventDate "2019.06.17"]
[EventType "swiss"]
[EventCountry "IND"]
[SourceTitle "playchess.com"]
[Source "ChessBase"]
[SourceQuality "1"]
[TimeControl "5400+30"]

1. e4 {[%emt 0:00:00]} c5 {[%emt 0:00:00]} 2. Nc3 {[%emt 0:00:00]} a6 {[%emt 0:00:00]} 3. g3 {[%emt 0:00:04]} b5 {[%emt 0:00:00]} 4. Bg2 {[%emt 0:00:06]} Bb7 {[%emt 0:00:00]} 5. d3 {[%emt 0:02:01]} e6 {[%emt 0:01:12]} 6. Nh3 {[%emt 0:00:06]} Nf6 {[%emt 0:01:16]} 7. O-O {[%emt 0:00:17]} d6 {[%emt 0:04:19]} 8. f4 {[%emt 0:01:11]} b4 {[%emt 0:02:15]} 9. Ne2 {[%emt 0:01:34]} Be7 {[%emt 0:02:03]} 10. Nf2 {[%emt 0:02:12]} Nc6 {[%emt 0:03:46]} 11. g4 {[%emt 0:01:47]} O-O {[%emt 0:06:56]} 12. Ng3 {[%emt 0:08:06]} d5 {[%emt 0:05:52]} 13. g5 {[%emt 0:24:44]} Ne8 {[%emt 0:00:37]} 14. exd5 {[%emt 0:01:29]} exd5 {[%emt 0:00:09]} 15. Qg4 {[%emt 0:00:10]} Nd4 {[%emt 0:26:06]} 16. c3 {[%emt 0:14:51]} f5 {[%emt 0:04:47]} 17. Qh3 {[%emt 0:00:15]} Nc2 {[%emt 0:02:27]} 18. Rb1 {[%emt 0:00:06]} Nd6 {[%emt 0:04:48]} 19. Qh5 {[%emt 0:01:29]} d4 {[%emt 0:07:05]} 20. Bxb7 {[%emt 0:01:19]} Nxb7 {[%emt 0:00:04]} 21. Qe2 {[%emt 0:00:07]} Ne3 {[%emt 0:00:41]} 22. Bxe3 {[%emt 0:00:07]} dxe3 {[%emt 0:00:04]} 23. Qxe3 {[%emt 0:00:07]} Qd7 {[%emt 0:02:21]} 24. Qf3 {[%emt 0:05:11]} Rae8 {[%emt 0:01:55]} 25. Rfd1 {[%emt 0:01:48]} a5 {[%emt 0:03:10]} 26. Nf1 {[%emt 0:04:00]} Nd8 {[%emt 0:02:40]} 27. d4 {[%emt 0:11:34]} Qa7 {[%emt 0:03:45]} 28. Ne3 {[%emt 0:03:34]} cxd4 {[%emt 0:00:55]} 29. cxd4 {[%emt 0:00:07]} Ne6 {[%emt 0:02:34]} 30. Nc4 {[%emt 0:12:22]} Kh8 {[%emt 0:03:02]} 31. d5 {[%emt 0:01:50]} Nd4 {[%emt 0:01:30]} 32. Qd3 {[%emt 0:00:02]} Bc5 {[%emt 0:00:40]} 33. Ne5 {[%emt 0:00:08]} Rd8 {[%emt 0:06:01]} 34. Qc4 {[%emt 0:00:25]} Rc8 {[%emt 0:00:22]} 35. Rbc1 {[%emt 0:00:23]} g6 {[%emt 0:01:50]} 36. Kf1 {[%emt 0:01:13]} Bb6 {[%emt 0:01:05]} 37. Qd3 {[%emt 0:01:32]} Rcd8 {[%emt 0:00:55]} 38. Qh3 {[%emt 0:01:09]} Kg8 {[%emt 0:00:24]} 39. Qg2 {[%emt 0:00:16]} Rfe8 {[%emt 0:00:55]} 40. Nfd3 {[%emt 0:00:40]} Qa6 {[%emt 0:00:29]} 41. Rc4 {[%emt 0:01:08]} Qb5 {[%emt 0:00:25]} 42. d6 {[%emt 0:00:26]} Rxd6 {[%emt 0:00:43]} 43. Rdc1 {[%emt 0:00:25]} Red8 {[%emt 0:00:43]} 44. Rc8 {[%emt 0:00:52]} Qd5 {[%emt 0:00:34]} 45. Qxd5+ {[%emt 0:00:41]} Rxd5 {[%emt 0:00:01]} 46. Rxd8+ {[%emt 0:00:13]} Rxd8 {[%emt 0:00:11]} 47. Nc4 {[%emt 0:00:27]} Bc7 {[%emt 0:00:50]} 48. Kf2 {[%emt 0:00:43]} Ne6 {[%emt 0:00:46]} 49. Ke3 {[%emt 0:00:08]} Rd4 {[%emt 0:00:18] Kxd4} 0-1

[Event "2nd Goa GM Open 2019"]
[Site "Goa"]
[Date "2019.06.19"]
[Round "2.21"]
[White "Mahalakshmi, M."]
[Black "Gagare, Shardul"]
[Result "1/2-1/2"]
[WhiteElo "2245"]
[BlackElo "2482"]
[Annotator "TA"]
[PlyCount "120"]
[EventDate "2019.06.17"]
[EventType "swiss"]
[EventCountry "IND"]
[SourceTitle "playchess.com"]
[Source "ChessBase"]
[SourceQuality "1"]

{[%evp 11,120,26,36,35,44,26,29,33,33,35,30,22,18,16,27,27,22,26,25,25,28,0,15,0,0,0,0,0,0,0,0,0,0,0,0,0,0,0,0,0,0,0,0,0,1,-93,-108,-85,0,-19,-14,-29,-15,-11,0,0,0,-81,-73,-96,-89,-95,-88,-95,-93,-84,-88,-104,-76,-68,-30,-36,-32,64,-47,-54,-41,-26,-39,-23,-27,-72,-86,-79,-85,-85,-4,-8,-4,-8,-8,-8,-6,-8,0,0,0,0,0,0,0,0,0,0,0,0,0,0,0,0,0]} 1. d4 d6 2. Nf3 Nf6 3. c4 g6 4. Nc3 Bf5 5. Nh4 Bd7 6. e4 e5 7. Nf3 {E61: King's Indian: Early deviations for White, including Smyslov System} (7. dxe5 dxe5 8. Nf3 Nc6 9. Be2 Bg7 10. O-O O-O 11. h3 Be6 12. Be3 Qxd1 13. Rfxd1 Rfd8 14. Nd5 Nxe4 15. Nxc7 Rac8 16. Nxe6 fxe6 17. Bd3 Nf6 18. Ng5 Nb4 19. Bf1 Nc2 20. Nxe6 Rxd1 21. Rxd1 Nxe3 22. fxe3 {½-½ (97) Li,C (2751)-Mamedov,R (2650) Huaian 2016}) 7... exd4 8. Nxd4 Bg7 9. Be2 {White has an edge.} O-O 10. Be3 $146 ({Predecessor:} 10. O-O Re8 11. f3 Nc6 12. Be3 {½-½ (74) Davtyan,A (2351)-Kobo,O (2500) Batumi 2018}) 10... Nc6 11. f3 Nh5 12. O-O Re8 13. Nxc6 bxc6 14. Qd2 c5 15. Rad1 Nf6 16. Rfe1 Qb8 17. Bf1 Bc6 18. Bf2 Nd7 19. Rb1 Qb4 20. Rec1 a5 21. a3 Qb3 22. Nb5 Bxb5 23. cxb5 Nb6 24. Be2 a4 25. Qc2 Rec8 26. Be1 Bd4+ 27. Bf2 Be5 28. Bg3 (28. g3 $11) 28... Qe3+ $17 29. Kh1 {next Bxe5 is good for White.} Bd4 (29... Bxg3 $17 30. hxg3 Re8) 30. Qd3 Qxd3 31. Bxd3 Rcb8 32. Be1 Nd7 33. Bc3 Bxc3 34. Rxc3 (34. bxc3 $11 {remains equal.} Re8 35. Re1) 34... Nf8 35. e5 Ne6 36. exd6 cxd6 37. Bc4 Nd4 38. Rd3 Ra5 39. h3 Rb6 40. Re1 {[#] Strongly threatening Re7.} Kf8 41. Rde3 {Threatens to win with Re8+.} Ra7 42. Re8+ $1 Kg7 43. R1e7 $1 {[%cal Re7a7]} Rbb7 (43... Rab7 {with more complications.} 44. Rxb7 Rxb7 45. Rd8 Nxb5 46. Bd5 Rc7) 44. Rxb7 $1 Rxb7 45. Rd8 $1 Nxb5 46. Bxb5 Rxb5 47. Rxd6 Rxb2 $11 {[%mdl 4096] Endgame KR-KR} 48. Ra6 c4 (48... f5 $17) 49. Rxa4 {The position is equal.} c3 {[%cal Bc4c3,Bc3c2][%mdl 32]} 50. Rc4 c2 51. Kh2 Kf6 52. a4 {[%cal Ba3a4,Ba4a5,Ba5a6,Ba6a7][%mdl 32]} Ke5 53. a5 Kd5 54. Rc8 Kd4 55. a6 Kd3 56. a7 Ra2 57. Rd8+ (57. a8=R $2 Rxa8 58. Rxa8 c1=Q $19) 57... Ke3 58. Rc8 Kd3 (58... Kd2 $5 59. Rd8+ $8 (59. a8=R $2 Rxa8 60. Rxa8 c1=Q $19) 59... Ke3 $11) 59. Rd8+ (59. a8=R $2 Rxa8 60. Rxa8 c1=Q $19) 59... Ke2 60. Rc8 {[#] Rxc2+! is the strong threat.} ({Not} 60. a8=R $2 Rxa8 61. Rxa8 c1=Q $19) 60... Kd2 {Accuracy: White = 74%, Black = 70%.} (60... Kd3 $5 61. Rd8+ $8 $11 (61. a8=R $2 Rxa8 62. Rxa8 c1=Q $19)) 1/2-1/2

[Event "2nd Goa GM Open 2019"]
[Site "Goa"]
[Date "2019.06.19"]
[Round "2.21"]
[White "Mahalakshmi D M"]
[Black "Gagare, Shardul"]
[Result "1/2-1/2"]
[WhiteElo "2245"]
[BlackElo "2482"]
[Annotator "TA"]
[PlyCount "120"]
[EventDate "2019.06.17"]
[EventType "swiss"]
[EventCountry "IND"]
[SourceTitle "playchess.com"]
[Source "ChessBase"]
[SourceQuality "1"]

{[%evp 11,120,25,25,31,29,30,34,30,40,38,32,10,17,11,29,15,15,14,19,16,16,16,18,0,0,-7,0,0,0,0,0,0,0,0,0,0,0,0,0,0,0,0,0,0,0,-89,-90,-79,0,-18,-18,-26,-2,-8,8,7,14,-77,-75,-87,-89,-86,-93,-93,-90,-90,-91,-110,-70,-70,-32,-36,-35,-115,-39,-32,-34,-34,-33,-27,-23,-78,-79,-95,-78,-77,-8,-55,-8,-8,-8,-8,-8,-8,0,0,0,0,0,0,0,0,0,0,0,0,0,0,0,0,0]} 1. d4 d6 2. Nf3 Nf6 3. c4 g6 4. Nc3 Bf5 5. Nh4 Bd7 6. e4 e5 7. Nf3 {E61: King's Indian: Early deviations for White, including Smyslov System} (7. dxe5 dxe5 8. Nf3 Nc6 9. Be2 Bg7 10. O-O O-O 11. h3 Be6 12. Be3 Qxd1 13. Rfxd1 Rfd8 14. Nd5 Nxe4 15. Nxc7 Rac8 16. Nxe6 fxe6 17. Bd3 Nf6 18. Ng5 Nb4 19. Bf1 Nc2 20. Nxe6 Rxd1 21. Rxd1 Nxe3 22. fxe3 {½-½ (97) Li,C (2751)-Mamedov,R (2650) Huaian 2016}) 7... exd4 8. Nxd4 Bg7 9. Be2 {White is slightly better.} O-O 10. Be3 $146 ({Predecessor:} 10. O-O Re8 11. f3 Nc6 12. Be3 {½-½ (74) Davtyan,A (2351)-Kobo,O (2500) Batumi 2018}) 10... Nc6 11. f3 Nh5 12. O-O Re8 13. Nxc6 bxc6 14. Qd2 c5 15. Rad1 Nf6 16. Rfe1 Qb8 17. Bf1 Bc6 18. Bf2 Nd7 19. Rb1 Qb4 20. Rec1 a5 21. a3 Qb3 22. Nb5 Bxb5 23. cxb5 Nb6 24. Be2 a4 25. Qc2 Rec8 26. Be1 Bd4+ 27. Bf2 Be5 28. Bg3 (28. g3 $11) 28... Qe3+ $17 29. Kh1 {With the idea Bxe5.} Bd4 (29... Bxg3 $17 30. hxg3 Re8) 30. Qd3 Qxd3 31. Bxd3 Rcb8 32. Be1 Nd7 33. Bc3 Bxc3 34. Rxc3 (34. bxc3 $11 {keeps the balance.} Re8 35. Re1) 34... Nf8 35. e5 Ne6 36. exd6 cxd6 37. Bc4 Nd4 38. Rd3 Ra5 39. h3 Rb6 40. Re1 {[#] Black must now prevent Re7.} Kf8 41. Rde3 {aiming for Re8+.} Ra7 42. Re8+ $1 Kg7 43. R1e7 $1 {[%cal Re7a7]} Rbb7 44. Rxb7 $1 Rxb7 45. Rd8 $1 Nxb5 46. Bxb5 (46. Bd5 $11 Rc7 47. Bc4) 46... Rxb5 47. Rxd6 Rxb2 $11 {[%mdl 4096] Endgame KR-KR} 48. Ra6 c4 (48... f5 $17) 49. Rxa4 c3 50. Rc4 {The position is equal.} c2 {[#] Threatens to win with ...Rb1+.} 51. Kh2 Kf6 52. a4 {[%cal Ba3a4,Ba4a5,Ba5a6,Ba6a7][%mdl 32]} Ke5 53. a5 Kd5 54. Rc8 Kd4 55. a6 Kd3 {...Rb8! is the strong threat.} 56. a7 Ra2 57. Rd8+ (57. a8=R $2 Rxa8 58. Rxa8 c1=Q $19) 57... Ke3 58. Rc8 Kd3 (58... Kd2 $5 59. Rd8+ $8 (59. a8=R $2 Rxa8 60. Rxa8 c1=Q $19) 59... Ke3 $11) 59. Rd8+ ({Not} 59. a8=R $2 Rxa8 60. Rxa8 c1=Q $19) 59... Ke2 60. Rc8 {Hoping for Rxc2+!} ({Don't blunder} 60. a8=R $2 Rxa8 61. Rxa8 c1=Q $19) 60... Kd2 {Accuracy: White = 73%, Black = 74%.} (60... Kd3 $5 61. Rd8+ $8 $11 (61. a8=R $2 Rxa8 62. Rxa8 c1=Q $19)) 1/2-1/2